000 00454cam a22001217a 4500
008 180718b1965 xxu||||| |||| 00| 0 eng d
082 _aA81x54 In2/61/8/Pt7A/1
100 _aCensus of India 1961
245 _aMadhya Pradesh: handicraft survey monographs, Zari embroidery and batwa making of Bhopal
260 _aDelhi
_bThe Manager of Publications
_c1965
300 _a22+p.
440 _aCensus of India 1961. Volume VIII, Madhya Pradesh. Part VII-A. No. 1
999 _c484257
_d484257